Largest U.S. States Without a MLB Team - Statistics

General Stats
  • This quiz has been taken 81 times
  • The average score is 8 of 10
Answer Stats
Population State % Correct
5,084,127 South Carolina
89%
10,383,620 North Carolina
85%
4,190,713 Oregon
85%
6,770,010 Tennessee
80%
8,517,685 Virginia
77%
4,468,402 Kentucky
75%
4,659,978 Louisiana
75%
4,887,871 Alabama
74%
6,691,878 Indiana
72%
9,032,873 New Jersey
54%
No matching quizzes found
Score Distribution
Percent of People with Each Score
Percentile by Number Answered
Your Score History
You have not taken this quiz